|
|
|
|
| LEADER |
00000nam0a2200000 4500 |
| 001 |
373592 |
| 005 |
20231101050814.0 |
| 035 |
|
|
|a (RuTPU)RU\TPU\retro\31022
|
| 035 |
|
|
|a RU\TPU\book\224669
|
| 090 |
|
|
|a 373592
|
| 100 |
|
|
|a 20221216d1989 km y0rusy50 ca
|
| 101 |
0 |
|
|a rus
|
| 102 |
|
|
|a RU
|
| 105 |
|
|
|a a z 001zy
|
| 200 |
1 |
|
|a Ландшафтно-гидрологические характеристики Западной Сибири
|f Академия наук СССР (АН СССР), Сибирское отделение (СО), Институт географии им. В. Г. Сочавы (ИГ) ; под ред. А. Н. Антипова
|
| 210 |
|
|
|a Иркутск
|c Изд-во Иркутского ин-та геофизики
|d 1989
|
| 215 |
|
|
|a 221 с.
|c ил.
|
| 320 |
|
|
|a Библиогр.: с. 209-221.
|
| 610 |
1 |
|
|a география
|
| 610 |
1 |
|
|a гидрология
|
| 610 |
1 |
|
|a ландшафтная гидрогеология
|
| 610 |
1 |
|
|a Западная Сибирь
|
| 610 |
1 |
|
|a гидрогеологические процессы
|
| 610 |
1 |
|
|a Обь
|
| 610 |
1 |
|
|a Иртыш
|
| 610 |
1 |
|
|a поймы
|
| 675 |
|
|
|a 911.5
|v 3
|
| 675 |
|
|
|a 556
|v 3
|
| 702 |
|
1 |
|a Антипов
|b А. Н.
|4 340
|
| 712 |
0 |
2 |
|a Академия наук СССР (АН СССР)
|b Сибирское отделение (СО)
|b Институт географии им. В. Г. Сочавы (ИГ)
|c (Иркутск)
|2 stltpush
|3 (RuTPU)RU\TPU\col\11389
|
| 801 |
|
1 |
|a RU
|b 63413507
|c 20111224
|
| 801 |
|
2 |
|a RU
|b 63413507
|c 20221216
|g RCR
|
| 942 |
|
|
|c BK
|